000
00327 a2200121 4500
000
nam a22 7a 4500
005
20260429104324.0
020
_a
9780262049726
100
_a
Christian Kastner
_9
1235936
245
_a
Machine Learning in Production: From Models to Products
260
_b
The MIT Press
_c
2025
942
_c
TEXL
999
_c
1848624
_d
1848624